Model of nonstationary propagation of a solid-state chemical transformation under uniaxial loading; Combustion, Explosion, and Shock Waves; Vol. 46, iss. 3

Bibliographic Details
Parent link:Combustion, Explosion, and Shock Waves
Vol. 46, iss. 3.— 2010.— [P. 307-314]
Main Author: Evstigneev N. K.
Other Authors: Knyazeva A. G. Anna Georgievna
Summary:Title screen
A mathematical model for solid-state chemical transformation under uniaxial mechanical loading is proposed which takes into account the coupling of strain and temperature fields and the dependence of the chemical reaction rate on the strain work. A parametric investigation of the model is performed. It is shown that the stresses and strains occurring during the transformation significantly impact the process dynamics.
Режим доступа: по договору с организацией-держателем ресурса
Language:English
Published: 2010
Subjects:
Online Access:http://link.springer.com/article/10.1007/s10573-010-0043-3
Format: MixedMaterials Electronic Book Chapter
KOHA link:https://koha.lib.tpu.ru/cgi-bin/koha/opac-detail.pl?biblionumber=637941

MARC

LEADER 00000naa0a2200000 4500
001 637941
005 20250124112240.0
035 |a (RuTPU)RU\TPU\network\2133 
090 |a 637941 
100 |a 20141115a2010 k y0engy50 ba 
101 0 |a eng 
102 |a RU 
135 |a drcn ---uucaa 
181 0 |a i  
182 0 |a b 
200 1 |a Model of nonstationary propagation of a solid-state chemical transformation under uniaxial loading  |f N. K. Evstigneev, A. G. Knyazeva 
203 |a Text  |c electronic 
300 |a Title screen 
320 |a [References: p. 313-314 (14 tit.)] 
330 |a A mathematical model for solid-state chemical transformation under uniaxial mechanical loading is proposed which takes into account the coupling of strain and temperature fields and the dependence of the chemical reaction rate on the strain work. A parametric investigation of the model is performed. It is shown that the stresses and strains occurring during the transformation significantly impact the process dynamics. 
333 |a Режим доступа: по договору с организацией-держателем ресурса 
461 |t Combustion, Explosion, and Shock Waves 
463 |t Vol. 46, iss. 3  |v [P. 307-314]  |d 2010 
610 1 |a электронный ресурс 
610 1 |a труды учёных ТПУ 
610 1 |a numerical solutions 
610 1 |a численное решение 
610 1 |a численное моделирование 
700 1 |a Evstigneev  |b N. K. 
701 1 |a Knyazeva  |b A. G.  |c Russian physicist  |c Professor of Tomsk Polytechnic University, doctor of physico-mathematical Sciences  |f 1962-  |g Anna Georgievna  |3 (RuTPU)RU\TPU\pers\32712  |9 16597 
801 2 |a RU  |b 63413507  |c 20141115  |g RCR 
856 4 |u http://link.springer.com/article/10.1007/s10573-010-0043-3 
942 |c CF